000 00378pam a2200157 a 4500
020 _a9788131211892
_c
041 _h
082 _a617.3
_bPLA/BOY
100 _aPLASZEK J.D., BOYCE D.A.
245 _aORTHOPEDIC PHYSICAL THERAPY SECRETS
_hTextual Documents
250 _a2 ED.
260 _bMOSBY, ELS
_c2008
300 _a679:
_bXX;
_cPB.
930 _a4875
999 _c799403
_d799403
650 _aORTHO